000 00886cam a22002772a 4500
001 19996
003 UkOxU
005 20211209000516.0
008 140226s1954 enk b 000 0 eng d
035 _a BD-RjUL)20057
040 _aDLC
_cMOL
_dOCL
_dBD-RjUL
_beng
041 _aeng
082 0 4 _a832.62
_bGOT 1954
245 1 0 _aGoethe's Faust, parts I and II. /
_ctransl. by Theodore Martin, revised, with introduction and notes, by W. H. Bruford.
260 _aLondon :
_bDent ;
_aNew York :
_bDutton,
_c1954
300 _axix, 416 p. ;
_c19 cm
490 1 _aEveryman's library ;
_v335
504 _aBibliography: p. xiii
650 1 _aGoethe's Faust
_961464
830 0 _v335
_961477
700 1 _aMartin, Theodore,
_cSir,
_d1816-1909.
_961466
700 1 _aBruford, Walter Horace,
_d1894-1988
_950414
830 0 _aEveryman's library ;
_961478
942 _2ddc
_cBK
999 _c19996
_d19996